000 00675nam a2200289Ia 4500
005 20260324122342.0
008 008 260324s9999 xx 000 0 eng d
020 _a9780203074633
037 _aEBOOK
040 _aCRL
040 _beng
040 _cCRL
041 _2eng
041 _aeng
084 _qCRL
100 _aC.S. Monaco
_91166114
245 4 _aThe Rise of Modern Jewish Politics
245 0 _bExtraordinary Movement
260 _bTaylor and Francis
260 _c2013
365 _a
365 _b70.99
856 _uhttp://www.taylorfrancis.com/books/9780203074633
942 _cEBOOK
999 _c1758785
_d1758785